00476cam a22001572 4500001001100000005001700011008004100028020002700069040001500096050001600111100003200127245007700159260003300236300001600269650003300285000000268520151217151902.0070418s xx 000 0 eng d a0471163147 :cGBP12.99 aKABUcKABU 0aPN421b.Q341 aQubein, Nido R.@000015216010aHow to be a great communicator :bin person, on paper and on the podium. aNew York :bJ. Wiley,c1997. axiv, 249 p. 0aPublic speaking.@0000152161